LEADER 02827nam 2200637 a 450 001 9910457421103321 005 20200520144314.0 010 $a1-283-32907-7 010 $a9786613329073 010 $a90-272-8499-7 035 $a(CKB)2550000000064159 035 $a(EBL)800221 035 $a(OCoLC)769192112 035 $a(SSID)ssj0000538416 035 $a(PQKBManifestationID)12197829 035 $a(PQKBTitleCode)TC0000538416 035 $a(PQKBWorkID)10559116 035 $a(PQKB)10931399 035 $a(MiAaPQ)EBC800221 035 $a(Au-PeEL)EBL800221 035 $a(CaPaEBR)ebr10513303 035 $a(CaONFJC)MIL332907 035 $a(EXLCZ)992550000000064159 100 $a20110606d2011 uy 0 101 0 $aeng 135 $aur|n|---||||| 181 $ctxt 182 $cc 183 $acr 200 10$aLanguages in contact$b[electronic resource] $eFrench, German and Romansch in twentieth-century Switzerland /$fUriel Weinreich ; with an introduction and notes by Ronald I. Kim and William Labov 210 $aAmsterdam $cJohn Benjamins Pub. Co.$d2011 215 $a1 online resource (436 p.) 300 $aDescription based upon print version of record. 311 $a90-272-1187-6 320 $aIncludes bibliographical references and indexes. 327 $apt. 1. General research problems -- pt. 2. Bilingualism in Switzerland : cultural setting and linguistic effects -- pt. 3. French and German : a case of stable, long-term language contact -- pt. 4. German and Romansh : language contact in a situation of ongoing shift. 330 $aThe appearance of Uriel Weinreich's Languages in Contact: Findings and Problems (1953) marked a milestone in the study of multilingualism and language contact. Yet until now, few linguists have been aware that its main themes were first laid out in Weinreich's Columbia University doctoral dissertation of 1951, Research Problems in Bilingualism with Special Reference to Switzerland. Based on the author's fieldwork, it contains a detailed report on language contact in Switzerland in the first half of the 20th century, especially along the French-German linguistic border and between 606 $aLanguages in contact$zSwitzerland 606 $aMultilingualism$zSwitzerland 606 $aSociolinguistics$zSwitzerland 607 $aSwitzerland$xEthnic relations 608 $aElectronic books. 615 0$aLanguages in contact 615 0$aMultilingualism 615 0$aSociolinguistics 676 $a409.494 700 $aWeinreich$b Uriel$0319442 701 $aKim$b Ronald I$0871576 701 $aLabov$b William$0157037 801 0$bMiAaPQ 801 1$bMiAaPQ 801 2$bMiAaPQ 906 $aBOOK 912 $a9910457421103321 996 $aLanguages in contact$91945596 997 $aUNINA LEADER 02428oam 2200517M 450 001 9910716154803321 005 20200213070922.4 035 $a(CKB)5470000002518567 035 $a(OCoLC)1065608249 035 $a(OCoLC)995470000002518567 035 $a(EXLCZ)995470000002518567 100 $a20071213d1926 ua 0 101 0 $aeng 135 $aurcn||||||||| 181 $ctxt$2rdacontent 182 $cc$2rdamedia 183 $acr$2rdacarrier 200 10$aEnforcement of narcotic and national prohibition acts, internal revenue. Communication from the President of the United States transmitting supplemental estimate of appropriations for the Treasury Department for the fiscal year ending June 30, 1927, pertaining to the enforcement of the narcotic and national prohibition acts, $ 2,931,010. April 14, 1926. -- Referred to the Committee on Appropriations and ordered to be printed$b[electronic resource] 210 1$a[Washington, D.C.] :$c[U.S. Government Printing Office],$d1926. 215 $a1 online resource (2 pages) 225 1 $aHouse document / 69th Congress, 1st session. House ;$vno. 310 225 1 $a[United States congressional serial set] ;$v[serial no. 8579] 300 $aBatch processed record: Metadata reviewed, not verified. Some fields updated by batch processes. 300 $aFDLP item number not assigned. 606 $aLaw enforcement 606 $aLiquor laws 606 $aNarcotic laws 606 $aProhibition$zUnited States$xHistory 606 $aCost 608 $aLegislative materials.$2lcgft 615 0$aLaw enforcement. 615 0$aLiquor laws. 615 0$aNarcotic laws. 615 0$aProhibition$xHistory. 615 0$aCost. 701 $aCoolidge$b Calvin$f1872-1933.$01386178 712 02$aUnited States.$bPresident (1923-1929 : Coolidge) 712 02$aUnited States.$bDepartment of the Treasury.$bBureau of the Budget (1921-1939) 801 0$bWYU 801 1$bWYU 801 2$bOCLCO 801 2$bOCLCQ 906 $aBOOK 912 $a9910716154803321 996 $aEnforcement of narcotic and national prohibition acts, internal revenue. Communication from the President of the United States transmitting supplemental estimate of appropriations for the Treasury Department for the fiscal year ending June 30, 1927, pertaining to the enforcement of the narcotic and national prohibition acts$93439154 997 $aUNINA